000 00830 a2200217 4500
003 OSt
005 20251113142730.0
008 251113b |||||||| |||| 00| 0 eng d
020 _a9789369613670 (hbk)
037 _cTB
040 _aCRL
_cCRL
041 _2pun
_apun
084 _aNW4443 153R5
_qCL1924060
100 _aਕੌਰ, ਕਿਰਨਦੀਪ / Kaur, Kirandeep
_9847628
245 _aਪੰਜਾਬੀ ਸਿਨੇਮਾ ਦੇ ਮੁਹਾਂਦਰਾ / Punjabi cinema da Muhandra
260 _aDelhi, India:
_bਸ਼ਿਲਾਲੇਖ / Shilalekh Publishers;
_c2025.
650 _2cinema
650 _2punjabi cinema
942 _cTB
_2CC
_n0
_hNW4443 153R5
999 _c1464605
_d1464605